[Event "SVK-chT3B2 2324"]
[Site "Slovakia"]
[Date "2024.02.18"]
[Round "8.8"]
[White "Sadecky, Peter"]
[Black "Bersihand, Hugo Maria"]
[Result "0-1"]
[WhiteElo "1000"]
[BlackElo "1000"]
[PlyCount "120"]
[EventDate "2023.10.15"]
[EventType "team-tourn"]
[EventRounds "11"]
[EventCountry "SVK"]
[SourceTitle "EXT 2025"]
[Source "ChessBase"]
[SourceDate "2024.10.14"]
[SourceVersion "1"]
[SourceVersionDate "2024.10.14"]
[SourceQuality "1"]
[WhiteTeam "Povazske Podhradie II"]
[BlackTeam "Puchov Vcielka"]
[WhiteTeamCountry "SVK"]
[BlackTeamCountry "SVK"]

1. e4 e5 2. Nf3 Nf6 3. Nc3 Nc6 4. Bc4 Nxe4 5. Nxe4 d5 6. Bxd5 Qxd5 7. d3 Bf5 8. Qe2 Be7 9. Bd2 0-0 10. 0-0 Nb4 11. c4 Qxd3 12. Qxd3 Nxd3 13. Ng3 Be6 14. b3 Bg4 15. Ne1 Nf4 16. f3 Bc5+ 17. Kh1 Rad8 18. Ne4 Bf5 19. Bxf4 Bxe4 20. Bxe5 Bg6 21. Bxc7 Rd2 22. Bf4 Re2 23. Bg3 Rd8 24. a4 Bd4 25. Rd1 Rb2 26. Be5 Rxb3 27. Rxd4 Rxd4 28. Bxd4 Rb4 29. f4 Rxc4 30. Nf3 Rxa4 31. Rd1 h6 32. g4 Be4 33. Kg2 Ra2+ 34. Kg3 Ra3 35. Rf1 b5 36. f5 b4 37. Bc5 a5 38. Kf4 Rxf3+ 39. Rxf3 Bxf3 40. Kxf3 b3 41. Ba3 f6 42. h4 Kf7 43. Ke4 g6 44. Kd4 h5 45. fxg6+ Kxg6 46. Ke4 hxg4 47. Kf4 Kh5 48. Kg3 f5 49. Bb2 f4+ 50. Kxf4 Kxh4 51. Ke3 g3 52. Ke2 Kh3 53. Kf1 Kh2 54. Be5 a4 55. Bd4 a3 56. Bg1+ Kh1 57. Bd4 b2 58. Bc3 b1Q+ 59. Ke2 Qc2+ 60. Bd2 Qxd2+ 0-1